Markets (Record no. 83326)

MARC details
000 -LEADER
fixed length control field 01270cab a22002175a 4500
001 - CONTROL NUMBER
control field L153586
008 - FIXED-LENGTH DATA ELEMENTS--GENERAL INFORMATION
fixed length control field 110808e20110729xxk 000 0 eng d
035 ## - SYSTEM CONTROL NUMBER
System control number (Sirsi) u153586
041 0# - LANGUAGE CODE
Language code of text/sound track or separate title eng
100 1# - MAIN ENTRY--PERSONAL NAME
Personal name Hatcher, David
245 00 - TITLE STATEMENT
Title Markets
Remainder of title Ports, airports and rail freight
260 ## - PUBLICATION, DISTRIBUTION, ETC.
Date of publication, distribution, etc. 2011
490 #0 - SERIES STATEMENT
Series statement Property Week
Volume/sequential designation 77(30) 29 July 2011, 39-44(4)
520 ## - SUMMARY, ETC.
Summary, etc. Manchester Airport Group is likely to bid for one or more ex BAA airports including Stansted, Glasgow or Edinburgh. Expansion ambitions of five south-east airports: Lydd, Manston, London Southend, London Luton, and Bournemouth. Rossington near Doncaster's 5.75 sq ft inland port development to see its first new buildings by the end of 2011. Starting in January 2012T Dover Harbour's sale process could contribute £300m towards the development of a new £400m terminal by the end of decade. Forth Ports taken over by Arcus Infrastructure Partners in June 2011 for £780m now aims to sell its 280 acre Leith project to another developer.
590 ## - LOCAL NOTE (RLIN)
Local note KA
651 #4 - SUBJECT ADDED ENTRY--GEOGRAPHIC NAME
Geographic name United Kingdom
Chronological subdivision
690 ## - LOCAL SUBJECT ADDED ENTRY--TOPICAL TERM (OCLC, RLIN)
Topical term or geographic name as entry element PROPERTY-COMMERCIAL PROPERTY-COMMERCIAL PROPERTY MARKET
690 ## - LOCAL SUBJECT ADDED ENTRY--TOPICAL TERM (OCLC, RLIN)
Topical term or geographic name as entry element PROPERTY-COMMERCIAL PROPERTY-COMMERCIAL PROPERTY FINANCE AND INVESTMENT
700 1# - ADDED ENTRY--PERSONAL NAME
Personal name Ashfield, Kevin
942 ## - ADDED ENTRY ELEMENTS (KOHA)
Suppress in OPAC 0
Holdings
Withdrawn status Lost status Source of classification or shelving scheme Damaged status Not for loan Home library Current library Shelving location Date acquired Total Checkouts Full call number Barcode Date last seen Copy number Price effective from Koha item type
    Dewey Decimal Classification     London London Journal article 08/08/2011   L153586 153586-1001 06/08/2019 1 06/08/2019 Journal article